00762nam a2200217 a 4500001000400000003001000004005001700014008004100031020001800072040002500090080002300115245012200138250002600260260003900286300002800325500004600353500004500399504002500444650003700469700003800506622BR-CuiBMT20231127140653.0231110s2008 rjb d 000 0 por d a9788586368332 aBR-CuiBMTcBR-CuiBMT 22007a349.6x(038)00aDicionário de direito ambiental :bterminologia das leis do meio ambiente /cMaria da Graça Krieger ... [et al.]. a2. ed., rev. e atual. aRio de Janeiro :bLexikon, c2008. axxviii, 524 p. ;c23 cm ainclui glossário inglês-português.  ainclui glossário espanhol-português. ainclui bibliografia. aDireito ambientalxDicionários1 aKrieger, Maria da Graça4et al.